000 00501pab a2200193 454500
008 180718b2001 xxu||||| |||| 00| 0 eng d
100 _aChatterjee, Bimal Kumar
245 _aJudicial reforms: alternative methods are no substitute
260 _c2001
300 _ap.6
362 _a29 Jan
650 _aLawyers - India
650 _aRight to justice - India
650 _aJudiciary - India
650 _aLegal system - India
650 _aJudiciary
773 _aStatesman
909 _a48644
999 _c48644
_d48644